00398nam a2200145Ia 4500003000900000008004100009040003300050041000800083080001500091100001700106245006100123246002700184260002600211300001500237LK-CoDNM010623t2012 xxu||||| |||| 00| 1 sin d aLK-CoDNMdLK-CoDNMeLK-CoDNM asin a133.52 MAH aGunarathna.L aමහා මන්ත්‍ර විද්‍යාව aMaha Manthra Viddayawa bRathnaaColomboc2012 b168, 21 cm